000
00328nam a2200133Ia 4500
005
20251222141937.0
008
251222s9999||||xx |||||||||||||| ||spa||
020
_a
978-950-885-127-7
082
_a
344.01/S42
100
_a
Servais, Jean-Michel
245
0
_a
Derecho Internacional del Trabajo
264
_b
Heliasta
942
_c
LIB
999
_c
9243
_d
9243